000 00765nam a2200205 a 4500
003 0
005 20250319143012.0
008 080916s19uu xx 00 eng d
050 _aPHS HN 60
_b.T114 2008
100 _aTabora, Erina Joy.
245 _aSocio-emotional behavior of adolescents in marginalized urban and rural areas /
_cErina Joy Tabora.
260 _aLas PiƱas City, Philippines :
_bSouthville International School and Colleges,
_c2008.
300 _a83 pages :
_bcolored illustrations ;
_c28 cm.
504 _aIncludes bibliographical references.
650 _aAdolescent psychology.
650 _aSocial skills in adolescence.
650 _aEmotions in adolescence.
650 _aMarginality, Social
_xPsychological aspects.
942 _2lcc
_cPASS
999 _c98051
_d98051